Statistics for Викторина по флагам Балкан

Click here to take the quiz!

General Stats

  • This quiz has been taken 3 918 times
  • The average score is 11 of 13

Answer Stats

Answer% Correct
Словения
97%
Хорватия
97%
Греция
92%
Албания
90%
Румыния
90%
Сербия
89%
Болгария
89%
Северная Македония
88%
Черногория
87%
Косово
87%
Босния и Герцеговина
83%
Молдавия.
79%
Турция
75%

Score Distribution

Percentile by Number Answered

Percent of People with Each Score

Your Score History

You have not taken this quiz